Statistics for 5 Biggest Cities : Mexico

Click here to take the quiz!

General Stats

  • This quiz has been taken 158 times
  • The average score is 3 of 5

Answer Stats

RankCity% Correct
1.Mexico City
100%
3.Guadalajara
85%
4.Puebla
49%
5.Juarez
41%
2.Ecatepec
34%

Score Distribution

Percentile by Number Answered

Percent of People with Each Score

Your Score History

You have not taken this quiz